Mulan's story / (Record no. 349773)
[ view plain ]
| 000 -LEADER | |
|---|---|
| fixed length control field | 01619cam a2200397 i 4500 |
| 001 - CONTROL NUMBER | |
| control field | sky297769612 |
| 003 - CONTROL NUMBER IDENTIFIER | |
| control field | SKY |
| 005 - DATE AND TIME OF LATEST TRANSACTION | |
| control field | 20200505170821.0 |
| 008 - FIXED-LENGTH DATA ELEMENTS--GENERAL INFORMATION | |
| fixed length control field | 200317s2020 nyua j 000 1 eng d |
| 010 ## - LIBRARY OF CONGRESS CONTROL NUMBER | |
| LC control number | bl2020001379 |
| 020 ## - INTERNATIONAL STANDARD BOOK NUMBER | |
| International Standard Book Number | 9780736440431 |
| Qualifying information | pbk. |
| 040 ## - CATALOGING SOURCE | |
| Original cataloging agency | NjBwBT |
| Language of cataloging | eng |
| Transcribing agency | NjBwBT |
| Description conventions | rda |
| Modifying agency | IMmBT |
| -- | NjBwBT |
| -- | SKYRV |
| -- | COB |
| 092 ## - LOCALLY ASSIGNED DEWEY CALL NUMBER (OCLC) | |
| Classification number | childrens |
| 100 1# - MAIN ENTRY--PERSONAL NAME | |
| Personal name | Katschke, Judy, |
| Relator term | author. |
| 9 (RLIN) | 44965 |
| 245 10 - TITLE STATEMENT | |
| Title | Mulan's story / |
| Statement of responsibility, etc | adapted by Judy Katschke ; illustrated by the Disney Storybook Art Team. |
| 264 #1 - Production, Publication, Distribution, Manufacture, and Copyright Notice. | |
| Place of production, publication, distribution, manufacture | New York : |
| Name of producer, publisher, distributor, manufacturer | Random House Children's Books, |
| Date of production, publication, distribution, manufacture, or copyr | [2020] |
| 300 ## - PHYSICAL DESCRIPTION | |
| Extent | 1 volume (unpaged) : |
| Other physical details | color illustrations ; |
| Dimensions | 21 cm + |
| Accompanying material | 2 sheets of paper dolls + 2 sheets of stickers. |
| 336 ## - Content Type | |
| Content type term | text |
| 336 ## - Content Type | |
| Content type term | still image |
| 337 ## - Media type | |
| Media type term | unmediated |
| 338 ## - Carrier type | |
| Carrier type term | volume |
| 338 ## - Carrier type | |
| Carrier type term | sheet |
| 490 1# - SERIES STATEMENT | |
| Series statement | Disney princess. |
| 490 1# - SERIES STATEMENT | |
| Series statement | A Random House pictureback book. |
| 520 ## - SUMMARY, ETC. | |
| Summary, etc | Mulan shares the tale of how she risked her life for her father and fought to save the Chinese empire from an enemy invasion. |
| 600 10 - SUBJECT ADDED ENTRY--PERSONAL NAME | |
| Personal name | Hua, Mulan |
| Titles and other words associated with a name | (Legendary character) |
| Form subdivision | Juvenile fiction. |
| 9 (RLIN) | 5750439 |
| 650 #0 - SUBJECT ADDED ENTRY--TOPICAL TERM | |
| Topical term or geographic name as entry element | Heroines |
| Form subdivision | Juvenile fiction. |
| 9 (RLIN) | 5742015 |
| 650 #0 - SUBJECT ADDED ENTRY--TOPICAL TERM | |
| Topical term or geographic name as entry element | Fathers and daughters |
| Form subdivision | Juvenile fiction. |
| 9 (RLIN) | 5688900 |
| 650 #0 - SUBJECT ADDED ENTRY--TOPICAL TERM | |
| Topical term or geographic name as entry element | Folklore |
| Geographic subdivision | China |
| Form subdivision | Juvenile fiction. |
| 9 (RLIN) | 5750444 |
| 710 2# - ADDED ENTRY--CORPORATE NAME | |
| Corporate name or jurisdiction name as entry element | Disney Storybook Artists, |
| Relator term | illustrator. |
| 9 (RLIN) | 51522 |
| 730 0# - ADDED ENTRY--UNIFORM TITLE | |
| Uniform title | Mulan (Motion picture) |
| 9 (RLIN) | 64755 |
| 830 #0 - SERIES ADDED ENTRY--UNIFORM TITLE | |
| Uniform title | Disney princess. |
| 9 (RLIN) | 67855 |
| 830 #0 - SERIES ADDED ENTRY--UNIFORM TITLE | |
| Uniform title | Random House pictureback book. |
| 9 (RLIN) | 49479 |
| 907 ## - LOCAL DATA ELEMENT G, LDG (RLIN) | |
| a | .b42076396x |
| 942 ## - ADDED ENTRY ELEMENTS (KOHA) | |
| Source of classification or shelving scheme | Dewey Decimal Classification |
| Koha item type | BOOK |
| Withdrawn status | Lost status | Source of classification or shelving scheme | Damaged status | Not for loan | Collection code | Home library | Current library | Shelving location | Date acquired | Source of acquisition | Total Checkouts | Total Renewals | Full call number | Barcode | Checked out | Date last seen | Date checked out | Cost, replacement price | Price effective from | Koha item type |
|---|---|---|---|---|---|---|---|---|---|---|---|---|---|---|---|---|---|---|---|---|
| Dewey Decimal Classification | Children Picture Books | Wasatch County Library | Wasatch County Library | Main Floor Childrens Area | 05/05/2020 | Penworthy | 39 | 36 | E Disney Princess | 34301001638446 | 04/26/2026 | 02/25/2026 | 02/25/2026 | 15.96 | 05/05/2020 | BOOK |
